Manažment vzdelávania vo vybranom podniku bakalárska práca

Salvato in:
Dettagli Bibliografici
Autore principale: Bochinová, Andrea
Ente Autore: Podnikovohospodárska fakulta EU so sídlom v Košiciach. Katedra manažmentu
Altri autori: Jergová, Natália
Natura: Libro
Lingua:slovacco
Pubblicazione: Košice 2013
Tags: Aggiungi Tag
Nessun Tag, puoi essere il primo ad aggiungerne!!

MARC

LEADER 00000nbm a2200000 4500
001 0172354
005 20161109112045.8
041 0 |a slo 
044 |a SK 
245 1 0 |a Manažment vzdelávania vo vybranom podniku  |b bakalárska práca  |c Andrea Bochinová ; školiteľ: Natália Jergová 
264 1 |a Košice  |c 2013 
300 |a 51 s. 
100 1 |a Bochinová, Andrea 
700 1 |a Jergová, Natália 
710 2 |a Podnikovohospodárska fakulta EU so sídlom v Košiciach. Katedra manažmentu